Normal view
MARC view
- Korzeiowski, Paul
Entry Personal Name
001 - CONTROL NUMBER
- control field: 74894
003 - CONTROL NUMBER IDENTIFIER
- control field: NUST
005 - DATE AND TIME OF LATEST TRANSACTION
- control field: 20210628205318.0
008 - FIXED-LENGTH DATA ELEMENTS
- fixed length control field: 210628|| aca||aabn | a|a d
040 ## - CATALOGING SOURCE
- Original cataloging agency: NUST
- Transcribing agency: NUST
100 ## - HEADING--PERSONAL NAME
- Personal name: Korzeiowski, Paul
670 ## - SOURCE DATA FOUND
- Source citation: Work cat.: (NUST): Korzeiowski, Paul, Windows nt 4.0 microsoft's server and operating system strategy for the future, 1997
